000 01051cam a2200229 4500
001 WB3824-11
008 020702n2002 000 0 eng u
035 _a(Sirsi) u118626
245 _aMake mine a bungalow
260 _c2002
490 _aBuilding Design
_v(1539) 28 June 2002, 1
490 _aCABE Press Release
_v27 June 2002, (3)
520 _aA MORI poll commissioned by the Commission for Architecture and the Built Environment (CABE) reveals that low-density bungalows and village houses are the public's most desirable types of housing. Only 2% of people selected a modern apartment and no-one chose a tower block, results which strike a blow to government's policy of building high-density housing. http://www.cabe.org.uk/PXnbw_qo12s=FH-iiEBtbIQ/news/press/press_release.html?press_release_id=132
590 _aWB
650 _aBUNGALOWS
650 _aHIGH DENSITY HOUSING
650 _aCABE
650 _aHOUSING TYPES
650 _aCOMMISSION FOR ARCHITECTURE AND THE BUILT ENVIRONMENT
690 _aHOUSING
942 _n0
999 _c70642
_d70642